[Event "12th Arad Open 2019"]
[Site "Arad"]
[Date "2019.07.28"]
[Round "6.8"]
[White "Marjanovic, Annamaria"]
[Black "Zawadzka, Jolanta"]
[Result "1/2-1/2"]
[WhiteElo "2343"]
[BlackElo "2422"]
[Annotator "NA"]
[PlyCount "61"]
[EventDate "2019.07.24"]
[EventType "swiss"]
[EventCountry "ROU"]
[SourceTitle "playchess.com"]
[Source "ChessBase"]
[SourceQuality "1"]
[TimeControl "40/5400+30:900+30"]

1. c4 {[%emt 0:00:00]} e6 {[%emt 0:00:00]} 2. g3 {[%emt 0:00:00]} d5 {[%emt 0:00:00]} 3. Bg2 {[%emt 0:00:00]} Nf6 {[%emt 0:00:02]} 4. Nf3 {[%emt 0:00:02]} Be7 {[%emt 0:00:22]} 5. O-O {[%emt 0:00:21]} O-O {[%emt 0:00:18]} 6. b3 {[%emt 0:00:13]} d4 {[%emt 0:00:56]} 7. e3 {[%emt 0:00:40]} c5 {[%emt 0:00:13]} 8. Ne5 {[%emt 0:02:29]} Nfd7 {[%emt 0:03:43]} 9. exd4 {[%emt 0:02:19]} cxd4 {[%emt 0:07:28]} 10. f4 {[%emt 0:05:31]} Nxe5 {[%emt 0:03:20]} 11. fxe5 {[%emt 0:00:10]} Nc6 {[%emt 0:01:04]} 12. Re1 {[%emt 0:05:43]} d3 {[%emt 0:07:10]} 13. Kh1 {[%emt 0:20:58]} Bc5 {[%emt 0:12:38]} 14. Ba3 {[%emt 0:06:29]} Qe7 {[%emt 0:01:03]} 15. Bxc5 {[%emt 0:10:05]} Qxc5 {[%emt 0:00:07]} 16. Nc3 {[%emt 0:02:06]} Nxe5 {[%emt 0:03:24]} 17. b4 {[%emt 0:01:57]} Qc7 {[%emt 0:03:04]} 18. Nb5 {[%emt 0:03:06]} Qb8 {[%emt 0:00:05]} 19. c5 {[%emt 0:00:33]} f6 {[%emt 0:07:23]} 20. Qb3 {[%emt 0:05:41]} a6 {[%emt 0:13:01]} 21. Nd6 {[%emt 0:04:46]} Qc7 {[%emt 0:00:36]} 22. Nc4 {[%emt 0:03:52]} Nxc4 {[%emt 0:03:59]} 23. Qxc4 {[%emt 0:00:04]} Bd7 {[%emt 0:09:21]} 24. Qxd3 {[%emt 0:00:54]} Rae8 {[%emt 0:00:09]} 25. Qb3 {[%emt 0:01:12]} Kh8 {[%emt 0:05:46]} 26. d4 {[%emt 0:00:45]} Qc8 {[%emt 0:01:16]} 27. Re2 {[%emt 0:07:42]} e5 {[%emt 0:02:12]} 28. dxe5 {[%emt 0:01:38]} fxe5 {[%emt 0:00:40]} 29. Rae1 {[%emt 0:00:45]} Bc6 {[%emt 0:00:24]} 30. Qe3 {[%emt 0:01:52]} e4 {[%emt 0:04:41]} 31. Qd4 {[%emt 0:02:49]} 1/2-1/2

[Event "12th Arad Open 2019"]
[Site "Arad"]
[Date "2019.07.28"]
[Round "6.9"]
[White "Soltanici, Ruslan"]
[Black "Aciu, Malina-Andreea"]
[Result "1-0"]
[WhiteElo "2408"]
[BlackElo "2047"]
[Annotator "TA"]
[PlyCount "111"]
[EventDate "2019.07.24"]
[EventType "swiss"]
[EventCountry "ROU"]
[SourceTitle "playchess.com"]
[Source "ChessBase"]
[SourceQuality "1"]

{[%evp 10,111,29,32,36,33,39,22,45,38,39,25,27,35,56,47,56,53,52,52,50,49,52,39,58,34,29,29,50,22,13,31,29,12,55,47,47,31,56,68,123,135,133,128,133,129,174,168,320,230,229,218,219,221,229,227,243,168,164,164,161,147,144,145,145,88,162,135,140,64,168,166,251,258,297,289,254,250,295,292,277,254,354,368,543,531,681,662,1481,1402,1183,1083,5197,4617,4753,4001,2170,1995,29977,29978,29978,29979,29977,29972]} 1. e4 c5 2. Nc3 Nc6 3. Nf3 e5 4. Bc4 h6 5. d3 d6 6. Nd2 g6 {B30: Sicilian: 2...Nc6 3 Bb5, lines without ...g6} 7. Nf1 (7. Nd5 Bg7 8. h4 Nge7 9. h5 g5 10. g4 Nxd5 11. Bxd5 Ne7 12. c4 Qd7 13. Rg1 O-O 14. Nf1 Nxd5 15. cxd5 {1-0 (46) Stojanovic,D (2480)-Ivanisevic,I (2574) Valjevo 2018}) 7... Bg7 8. h4 (8. Ne3 {feels hotter.} Na5 9. a4 Ne7 10. Ba2 Be6 11. Ncd5) 8... Nge7 {The position is equal.} 9. h5 g5 10. g4 $146 ({Predecessor:} 10. Ne3 f5 11. Bd2 f4 12. Ned5 Nxd5 13. Nxd5 {1-0 (37) Perestjuk,M (2025)-Goebel,C (2245) Oberhof 2013}) 10... Be6 11. Ne3 Nd4 12. a4 a6 13. Ncd5 Bxd5 14. Bxd5 Rb8 15. c3 Ne6 16. a5 O-O 17. O-O Nf4 18. Bc4 d5 19. exd5 Nfxd5 20. Nxd5 Nxd5 21. Qf3 Nf4 22. Be3 Qc7 23. Qe4 $36 {[%mdl 2048] Black is under pressure.} Rbd8 24. Ra3 {[%cal Ba1a3,Ba3b3,Bb3b6][%mdl 32]} Kh8 (24... Rd6 $14) 25. Rb3 $16 Rd7 26. Rb6 Re7 27. Re1 Rfe8 28. Qf5 Qc8 $2 {[#]} (28... Rd8 29. Bxf4 gxf4) 29. Qxc8 Rxc8 30. Bxf4 $1 gxf4 31. Bd5 Rcc7 32. Ra1 Red7 33. Be4 Bf8 34. c4 Rd6 35. Rxb7 Rxb7 36. Bxb7 $18 {[%mdl 4096] Endgame KRB-KRB} Be7 37. Bd5 (37. Kg2 $142) 37... Kg7 (37... Rd8 $16) 38. Kg2 Kf6 39. Kf3 ({White should play} 39. Ra3 $16) 39... Bd8 (39... Rd8 $14) 40. Ra4 Ke7 (40... Kg5 $142 41. b4 (41. Bxf7 Rxd3+ 42. Ke2 e4 $17) 41... cxb4) 41. Ke4 Bc7 42. b4 cxb4 43. c5 Rd7 44. f3 b3 45. Bxb3 Kf6 46. Bd5 Rd8 (46... Kg5 $142 47. c6 Re7) 47. Rb4 Rb8 {[#]} 48. Rb6+ $1 {[%mdl 512]} Bxb6 49. axb6 {KR-KB} Ke7 50. Kxe5 f6+ 51. Kd4 a5 52. Kc4 a4 53. Kb4 Kd7 54. Kxa4 {White mates.} Rd8 55. c6+ Kd6 56. c7 {Accuracy: White = 72%, Black = 42%.} 1-0

[Event "12th Arad Open 2019"]
[Site "Arad"]
[Date "2019.07.28"]
[Round "6.10"]
[White "Banzea, Alexandru-Bogdan"]
[Black "Albu, George"]
[Result "1-0"]
[WhiteElo "2405"]
[BlackElo "2014"]
[Annotator "NA"]
[PlyCount "79"]
[EventDate "2019.07.24"]
[EventType "swiss"]
[EventCountry "ROU"]
[SourceTitle "playchess.com"]
[Source "ChessBase"]
[SourceQuality "1"]
[TimeControl "40/5400+30:900+30"]

1. e4 {[%emt 0:00:00]} c5 {[%emt 0:05:27]} 2. Nf3 {[%emt 0:00:00]} e6 {[%emt 0:00:06]} 3. d4 {[%emt 0:00:00]} cxd4 {[%emt 0:00:04]} 4. Nxd4 {[%emt 0:00:00]} Nf6 {[%emt 0:00:04]} 5. Nc3 {[%emt 0:00:01]} Nc6 {[%emt 0:00:05]} 6. g3 {[%emt 0:01:25]} Qc7 {[%emt 0:04:58]} 7. Bg2 {[%emt 0:00:30]} d6 {[%emt 0:00:10]} 8. O-O {[%emt 0:00:46]} Bd7 {[%emt 0:00:12]} 9. Ncb5 {[%emt 0:03:16]} Qb8 {[%emt 0:00:39]} 10. c4 {[%emt 0:00:06]} Be7 {[%emt 0:01:00]} 11. Nc3 {[%emt 0:01:12]} O-O {[%emt 0:01:21]} 12. b3 {[%emt 0:00:40]} a6 {[%emt 0:00:46]} 13. a4 {[%emt 0:00:48]} a5 {[%emt 0:09:50]} 14. Ndb5 {[%emt 0:00:47]} Rd8 {[%emt 0:07:24]} 15. Be3 {[%emt 0:03:11]} Nb4 {[%emt 0:04:17]} 16. Qe2 {[%emt 0:03:07]} Bc6 {[%emt 0:00:23]} 17. Rad1 {[%emt 0:01:02]} b6 {[%emt 0:10:11]} 18. Bf4 {[%emt 0:04:02]} h6 {[%emt 0:16:52]} 19. Rd2 {[%emt 0:01:18]} e5 {[%emt 0:00:54]} 20. Be3 {[%emt 0:00:12]} Nd7 {[%emt 0:00:06]} 21. h4 {[%emt 0:22:56]} Nc5 {[%emt 0:03:30]} 22. Qd1 {[%emt 0:00:16]} Qb7 {[%emt 0:05:53]} 23. f3 {[%emt 0:00:11]} f5 {[%emt 0:07:10]} 24. exf5 {[%emt 0:02:50]} d5 {[%emt 0:00:10]} 25. cxd5 {[%emt 0:00:46]} Nxd5 {[%emt 0:00:24]} 26. Bf2 {[%emt 0:03:50]} Kh8 {[%emt 0:01:56]} 27. Nxd5 {[%emt 0:14:41]} Bxd5 {[%emt 0:00:11]} 28. Bxc5 {[%emt 0:00:14]} Bxc5+ {[%emt 0:00:47]} 29. Kh2 {[%emt 0:00:07]} Be7 {[%emt 0:07:03]} 30. Rff2 {[%emt 0:07:57]} Rac8 {[%emt 0:07:43]} 31. Rd3 {[%emt 0:04:50]} Bc6 {[%emt 0:02:31]} 32. Nd6 {[%emt 0:00:45]} Bxd6 {[%emt 0:00:04]} 33. Rxd6 {[%emt 0:00:06]} Rd7 {[%emt 0:01:26]} 34. Rxd7 {[%emt 0:01:35]} Qxd7 {[%emt 0:00:12]} 35. Rd2 {[%emt 0:00:15]} Qe7 {[%emt 0:01:36]} 36. Rd6 {[%emt 0:00:35]} b5 {[%emt 0:01:00]} 37. Qd2 {[%emt 0:01:25]} bxa4 {[%emt 0:00:34]} 38. f6 {[%emt 0:01:02]} gxf6 {[%emt 0:00:32]} 39. Bh3 {[%emt 0:01:43]} Rf8 {[%emt 0:01:26]} 40. Qxh6+ {[%emt 0:00:00]} 1-0

[Event "12th Arad Open 2019"]
[Site "Arad"]
[Date "2019.07.28"]
[Round "6.11"]
[White "Barrish, Daniel"]
[Black "Peptan, Corina-Isabela"]
[Result "1/2-1/2"]
[WhiteElo "2237"]
[BlackElo "2375"]
[Annotator "TA"]
[PlyCount "137"]
[EventDate "2019.07.24"]
[EventType "swiss"]
[EventCountry "ROU"]
[SourceTitle "playchess.com"]
[Source "ChessBase"]
[SourceQuality "1"]

{[%evp 20,137,14,10,10,8,8,25,28,-2,-4,-10,-1,-15,-15,-15,-20,-28,-8,-115,-24,-106,-93,-101,-94,-150,-155,-252,-79,-48,-55,-97,-84,-138,-135,-131,-140,-136,-111,-111,-106,-108,-110,-145,-131,-136,-115,-124,-114,-120,-93,-93,-94,-98,-95,-147,-140,-140,-103,-131,-43,-43,-44,-44,-44,-44,-44,-68,-73,-110,-117,-99,-91,-111,-34,-34,-10,-80,0,0,0,0,0,0,0,0,0,-10,0,-10,-10,-10,0,-10,-9,-10,0,-10,0,-10,-2,-10,-10,-10,0,-10,0,0,0,0,0,0,0,0,0,0,0,0,0,0]} 1. d4 Nf6 2. c4 e6 3. Nf3 Bb4+ 4. Bd2 Be7 5. g3 c6 6. Bg2 d5 7. Qc2 b6 8. O-O O-O 9. Rd1 Ba6 10. b3 Nbd7 11. a4 Ne4 {E15: Queen's Indian: 4 g3 sidelines, 4 g3 Ba6 and 4 g3 Bb7 early deviations} (11... Qc8 12. Na3 c5 13. cxd5 Nxd5 14. Nc4 Bb7 15. dxc5 Nxc5 16. Rac1 Nf6 17. b4 Nce4 18. Be1 Qe8 19. Ng5 Nxg5 20. Bxb7 {1-0 (35) Matlakov,M (2704)-Zhou,J (2624) Qinhuangdao 2018}) 12. Ne5 Nxe5 13. Bxe4 Ng6 {White has an edge.} 14. cxd5 cxd5 15. Bf3 $146 ({Predecessor:} 15. Bd3 Bxd3 16. Qxd3 Qd7 17. Nc3 Rfc8 18. h4 h6 19. Rdc1 {½-½ (41) Ofitserian,B (2411)-Eynullayev,A (2164) St Petersburg 2018}) 15... e5 16. dxe5 Nxe5 {Hoping for ...Bf6.} 17. Bc3 Nxf3+ 18. exf3 Bf6 19. Qd2 {[#]} (19. Bd4 $1 $11 {keeps the balance.}) 19... Rc8 (19... d4 $1 $17 {[%cal Rd4c3][%mdl 512]} 20. Bxd4 Re8 21. Bxf6 Qxf6 {[%mdl 64] Double Attack}) 20. Bxf6 (20. Bd4 $1 $11) 20... Qxf6 $17 {[%mdl 64] Double Attack} 21. Na3 Rfd8 ({Don't play} 21... Qxf3 22. Qxd5 Qxd5 23. Rxd5 $11) 22. f4 {[#]} (22. Nb5 $142) 22... d4 $1 23. Nb5 (23. Nc4 $17) 23... Rd7 $2 (23... d3 $19 {and Black stays clearly on top.} 24. Rac1 Rxc1 25. Rxc1 Bb7) 24. Qd3 Qc6 25. f3 g6 26. Kf2 ({Better is} 26. Ra2) 26... Qc2+ 27. Kg1 {intending Qxc2.} Qxd3 28. Rxd3 Bxb5 29. axb5 {[%mdl 4096] Endgame KRR-KRR} Rc5 30. Ra4 Rxb5 31. Rc4 a5 32. Kf2 Kg7 33. Ke2 Rbd5 34. Ra4 Kf6 35. b4 Rb5 36. bxa5 bxa5 37. Rda3 (37. Rd2 $142) 37... Rb2+ 38. Kd3 Rf2 39. Rxa5 Rxf3+ (39... Rxh2 $17 {aiming for ...Rf2.} 40. Ra7 Rxa7 41. Rxa7 h5 42. Ra6+ Kg7) 40. Ke4 $15 Rf2 41. Ra2 Rf1 42. Ra6+ Kg7 43. Rd2 h5 44. Ra4 h4 45. Raxd4 {[#]} Re7+ $1 46. Kd5 h3 (46... Rc1 $17) 47. Kc4 Rg1 48. Rf2 (48. Rd1 $11 Rxd1 49. Rxd1) 48... Kf6 (48... Rc7+ $17 49. Kb3 Rb1+ 50. Ka2 Rcb7) 49. Rd6+ $11 {The position is equal.} Re6 50. Rxe6+ Kxe6 {KR-KR} 51. Kd4 Kf5 52. Ke3 Kg4 53. Re2 Rf1 54. Rf2 Re1+ 55. Re2 Rh1 56. Rf2 f6 57. Re2 Rf1 58. Rf2 Rh1 59. Re2 Rg1 60. Rf2 Ra1 61. Re2 Rg1 62. Rf2 f5 63. Re2 Rf1 64. Rf2 Rh1 65. Re2 Rf1 66. Rf2 Rb1 67. Re2 g5 68. fxg5 Kxg5 69. Kf3 {Accuracy: White = 52%, Black = 44%.} 1/2-1/2

[Event "12th Arad Open 2019"]
[Site "Arad"]
[Date "2019.07.28"]
[Round "6.12"]
[White "Stoleriu, George"]
[Black "Nedelcu, Teodor-Cosmin"]
[Result "1-0"]
[WhiteElo "2360"]
[BlackElo "1963"]
[Annotator "NA"]
[PlyCount "95"]
[EventDate "2019.07.24"]
[EventType "swiss"]
[EventCountry "ROU"]
[SourceTitle "playchess.com"]
[Source "ChessBase"]
[SourceQuality "1"]
[TimeControl "40/5400+30:900+30"]

1. e4 {[%emt 0:00:00]} c5 {[%emt 0:00:00]} 2. Nc3 {[%emt 0:00:40]} e6 {[%emt 0:00:00]} 3. Nf3 {[%emt 0:00:53]} Nc6 {[%emt 0:00:11]} 4. d4 {[%emt 0:01:37]} cxd4 {[%emt 0:00:08]} 5. Nxd4 {[%emt 0:00:03]} Nf6 {[%emt 0:00:09]} 6. Nxc6 {[%emt 0:01:07]} bxc6 {[%emt 0:00:01]} 7. e5 {[%emt 0:01:41]} Nd5 {[%emt 0:00:01]} 8. Ne4 {[%emt 0:00:14]} Qa5+ {[%emt 0:07:34]} 9. Bd2 Qb6 {[%emt 0:01:31]} 10. c4 {[%emt 0:51:08]} Qxb2 {[%emt 0:03:41]} 11. cxd5 {[%emt 0:00:03]} Qxe5 {[%emt 0:00:19]} 12. Bd3 {[%emt 0:00:05]} cxd5 {[%emt 0:00:30]} 13. f4 {[%emt 0:11:58]} Qd4 {[%emt 0:00:33]} 14. Nf2 {[%emt 0:00:12]} Bc5 {[%emt 0:00:33]} 15. Rf1 {[%emt 0:00:04]} O-O {[%emt 0:00:52]} 16. Rc1 {[%emt 0:03:16]} e5 {[%emt 0:02:08]} 17. Qh5 {[%emt 0:04:09]} h6 {[%emt 0:17:58]} 18. Qxe5 {[%emt 0:06:40]} Qxe5+ {[%emt 0:00:30]} 19. fxe5 {[%emt 0:00:04]} Bd4 {[%emt 0:00:17]} 20. Bc3 {[%emt 0:00:53]} Bxe5 {[%emt 0:01:19]} 21. Bxe5 {[%emt 0:00:05]} Re8 {[%emt 0:00:03]} 22. Kd2 {[%emt 0:00:50]} Rxe5 {[%emt 0:00:01]} 23. Rfe1 {[%emt 0:05:28]} Rxe1 {[%emt 0:00:46]} 24. Rxe1 {[%emt 0:00:04]} Bb7 {[%emt 0:00:09]} 25. Ng4 {[%emt 0:00:11]} Bc6 {[%emt 0:00:51]} 26. Ne3 {[%emt 0:01:00]} d4 {[%emt 0:00:41]} 27. Nf5 {[%emt 0:00:08]} Rb8 {[%emt 0:03:07]} 28. Ne7+ {[%emt 0:05:50]} Kf8 {[%emt 0:00:06]} 29. Nxc6 {[%emt 0:00:10]} dxc6 {[%emt 0:00:01]} 30. Kc2 {[%emt 0:00:31]} Rb4 {[%emt 0:00:29]} 31. Re5 {[%emt 0:00:36]} Rb6 {[%emt 0:00:22]} 32. Re4 {[%emt 0:02:04]} c5 {[%emt 0:00:40]} 33. Re5 {[%emt 0:00:04]} Rc6 {[%emt 0:00:13]} 34. Bb5 {[%emt 0:00:15]} Rc8 {[%emt 0:00:02]} 35. Kd3 {[%emt 0:00:23]} f6 {[%emt 0:00:42]} 36. Rd5 {[%emt 0:00:12]} a6 {[%emt 0:05:12]} 37. Bxa6 {[%emt 0:00:14]} Ra8 {[%emt 0:00:09]} 38. Bc4 {[%emt 0:00:32]} Ra5 {[%emt 0:00:40]} 39. Rd7 {[%emt 0:00:24]} f5 {[%emt 0:02:05]} 40. Rf7+ {[%emt 0:00:00]} Ke8 {[%emt 0:00:00]} 41. Rxg7 {[%emt 0:00:20]} f4 {[%emt 0:00:20]} 42. Rg6 {[%emt 0:00:23]} h5 {[%emt 0:00:13]} 43. Ra6 {[%emt 0:00:12]} Rxa6 {[%emt 0:00:01]} 44. Bxa6 {[%emt 0:00:05]} Ke7 {[%emt 0:00:08]} 45. Ke4 {[%emt 0:00:05]} Kd6 {[%emt 0:00:06]} 46. Bc4 {[%emt 0:00:03]} Kc6 {[%emt 0:00:16]} 47. Kxf4 {[%emt 0:00:10]} Kb6 {[%emt 0:00:02]} 48. Ke4 {[%emt 0:00:21]} 1-0

[Event "12th Arad Open 2019"]
[Site "Arad"]
[Date "2019.07.28"]
[Round "6.13"]
[White "Patrascu, Catalin-Lucian"]
[Black "Svetushkin, Dmitry"]
[Result "0-1"]
[WhiteElo "2292"]
[BlackElo "2528"]
[Annotator "ChessBase"]
[PlyCount "38"]
[EventDate "2019.07.24"]
[EventType "swiss"]
[EventCountry "ROU"]
[SourceTitle "playchess.com"]
[Source "ChessBase"]
[SourceQuality "1"]
[TimeControl "40/5400+30:900+30"]

1. c4 {[%emt 0:00:00]} e6 {[%emt 0:00:19]} 2. Nc3 {[%emt 0:00:00]} Bb4 {[%emt 0:00:07]} 3. g3 {[%emt 0:08:29]} Nf6 {[%emt 0:05:26]} 4. Bg2 {[%emt 0:00:36]} d5 {[%emt 0:01:56]} 5. d4 {[%emt 0:10:33]} O-O {[%emt 0:00:33]} 6. Nf3 {[%emt 0:09:07]} dxc4 {[%emt 0:01:07]} 7. Bg5 {[%emt 0:02:35]} Nc6 {[%emt 0:00:55]} 8. a3 {[%emt 0:07:14]} Be7 {[%emt 0:01:20]} 9. e4 {[%emt 0:03:04]} a6 {[%emt 0:01:33]} 10. e5 {[%emt 0:08:28]} Nd5 {[%emt 0:01:02]} 11. h4 {[%emt 0:01:22]} Bd7 {[%emt 0:16:23]} 12. Qc2 {[%emt 0:07:30]} Nxc3 {[%emt 0:02:55]} 13. bxc3 {[%emt 0:05:35]} h6 {[%emt 0:01:20]} 14. Bf4 {[%emt 0:07:47]} Na5 {[%emt 0:01:46]} 15. Qe4 {[%emt 0:05:56]} Bc6 {[%emt 0:02:49]} 16. Qe3 {[%emt 0:00:08]} Qd5 {[%emt 0:00:29]} 17. Bxh6 {[%emt 0:10:42]} gxh6 {[%emt 0:00:55]} 18. Qxh6 {[%emt 0:00:07]} Qe4+ {[%emt 0:00:08]} 19. Kf1 {[%emt 0:00:05]} Qd3+ {[%emt 0:00:16]} 0-1

[Event "12th Arad Open 2019"]
[Site "Arad"]
[Date "2019.07.28"]
[Round "6.14"]
[White "Song, Raymond"]
[Black "Ghimpu, Samuel-Timotei"]
[Result "1-0"]
[WhiteElo "2456"]
[BlackElo "2193"]
[Annotator "ChessBase"]
[PlyCount "81"]
[EventDate "2019.07.24"]
[EventType "swiss"]
[EventCountry "ROU"]
[SourceTitle "playchess.com"]
[Source "ChessBase"]
[SourceQuality "1"]
[TimeControl "40/5400+30:900+30"]

1. Nf3 {[%emt 0:00:00]} Nf6 {[%emt 0:00:00]} 2. c4 {[%emt 0:00:00]} e6 {[%emt 0:00:00]} 3. g3 {[%emt 0:00:00]} d5 {[%emt 0:00:03]} 4. d4 {[%emt 0:00:00]} Be7 {[%emt 0:00:10]} 5. Bg2 {[%emt 0:00:00]} O-O {[%emt 0:00:09]} 6. Nc3 {[%emt 0:00:02]} dxc4 {[%emt 0:00:50]} 7. Ne5 {[%emt 0:00:06]} Qd6 {[%emt 0:18:30]} 8. Nxc4 {[%emt 0:02:19]} Qa6 {[%emt 0:00:34]} 9. Qb3 {[%emt 0:00:30]} Nc6 {[%emt 0:02:06]} 10. e3 {[%emt 0:01:51]} Rb8 {[%emt 0:02:00]} 11. a4 {[%emt 0:14:34]} b5 {[%emt 0:31:43]} 12. Nxb5 {[%emt 0:00:04]} Na5 {[%emt 0:04:04]} 13. Qc3 {[%emt 0:03:57]} Nxc4 {[%emt 0:00:14]} 14. Qxc4 {[%emt 0:00:02]} Bd7 {[%emt 0:00:13]} 15. Ra2 {[%emt 0:19:32]} e5 {[%emt 0:24:01]} 16. d5 {[%emt 0:12:53]} c6 {[%emt 0:01:37]} 17. Na3 {[%emt 0:01:27]} Qa5+ {[%emt 0:00:37]} 18. Bd2 {[%emt 0:00:02]} Bb4 {[%emt 0:00:10]} 19. Bxb4 {[%emt 0:01:45]} Rxb4 {[%emt 0:00:12]} 20. Qc3 {[%emt 0:00:01]} Nxd5 {[%emt 0:01:05]} 21. Qd2 {[%emt 0:07:24]} Be6 {[%emt 0:00:19]} 22. Nc2 {[%emt 0:01:34]} Qc5 {[%emt 0:06:06]} 23. e4 {[%emt 0:03:05]} Rc4 {[%emt 0:00:30]} 24. b3 {[%emt 0:00:00]} Nb4 {[%emt 0:02:37]} 25. Nxb4 {[%emt 0:06:44]} Rxb4 {[%emt 0:00:06]} 26. O-O {[%emt 0:00:02]} Bxb3 {[%emt 0:01:25]} 27. Rb2 {[%emt 0:01:55]} Rd4 {[%emt 0:00:15]} 28. Qe3 {[%emt 0:00:12]} Bxa4 {[%emt 0:00:11]} 29. Rb7 {[%emt 0:01:40]} Bb5 {[%emt 0:01:25]} 30. Ra1 {[%emt 0:00:48]} a6 {[%emt 0:01:08]} 31. h4 {[%emt 0:00:48]} h6 {[%emt 0:00:25]} 32. Bh3 {[%emt 0:02:57]} Qc2 {[%emt 0:01:12]} 33. Bf5 {[%emt 0:01:07]} Rd3 {[%emt 0:01:19]} 34. Qa7 {[%emt 0:00:27]} Qc3 {[%emt 0:00:38]} 35. Rxf7 {[%emt 0:00:43]} Qxa1+ {[%emt 0:00:55]} 36. Kh2 {[%emt 0:00:01]} Rxf7 {[%emt 0:00:16]} 37. Qb8+ {[%emt 0:00:01]} Rf8 {[%emt 0:00:35]} 38. Be6+ {[%emt 0:00:01]} Kh7 {[%emt 0:00:09]} 39. Qxf8 {[%emt 0:00:01]} Rf3 {[%emt 0:01:08]} 40. Bg8+ {[%emt 0:00:00]} Kg6 {[%emt 0:00:00]} 41. Qe8+ {[%emt 0:00:39]} 1-0

[Event "12th Arad Open 2019"]
[Site "Arad"]
[Date "2019.07.28"]
[Round "6.15"]
[White "Kelly, Ladislau-Endre"]
[Black "Macovei, Andrei"]
[Result "0-1"]
[WhiteElo "2182"]
[BlackElo "2424"]
[Annotator "NA"]
[PlyCount "60"]
[EventDate "2019.07.24"]
[EventType "swiss"]
[EventCountry "ROU"]
[SourceTitle "playchess.com"]
[Source "ChessBase"]
[SourceQuality "1"]
[TimeControl "40/5400+30:900+30"]

1. d3 {[%emt 0:04:22]} c5 {[%emt 0:01:07]} 2. e4 {[%emt 0:00:17]} Nc6 {[%emt 0:00:13]} 3. Nf3 {[%emt 0:02:43]} g6 {[%emt 0:00:35]} 4. g3 {[%emt 0:00:45]} Bg7 {[%emt 0:00:02]} 5. Bg2 {[%emt 0:00:05]} e5 {[%emt 0:00:27]} 6. O-O {[%emt 0:02:19]} Nge7 {[%emt 0:00:02]} 7. c4 {[%emt 0:00:48]} O-O {[%emt 0:00:59]} 8. Nc3 {[%emt 0:01:04]} d6 {[%emt 0:01:00]} 9. Ne1 {[%emt 0:12:21]} f5 {[%emt 0:03:34]} 10. Bg5 {[%emt 0:15:00]} f4 {[%emt 0:07:06]} 11. Nd5 {[%emt 0:02:12]} h6 {[%emt 0:01:14]} 12. Bxe7 {[%emt 0:00:34]} Nxe7 {[%emt 0:00:02]} 13. Nxe7+ {[%emt 0:00:28]} Qxe7 {[%emt 0:00:01]} 14. g4 {[%emt 0:00:29]} Be6 {[%emt 0:05:11]} 15. f3 {[%emt 0:08:59]} Bf6 {[%emt 0:02:41]} 16. Rf2 {[%emt 0:06:41]} Bh4 {[%emt 0:01:53]} 17. Rd2 {[%emt 0:00:56]} Kg7 {[%emt 0:01:23]} 18. Bf1 {[%emt 0:00:29]} Rh8 {[%emt 0:00:34]} 19. Rg2 {[%emt 0:04:24]} h5 {[%emt 0:00:28]} 20. Nc2 {[%emt 0:01:11]} Raf8 {[%emt 0:00:33]} 21. Be2 {[%emt 0:08:32]} Qf6 {[%emt 0:01:18]} 22. Qd2 {[%emt 0:12:17]} hxg4 {[%emt 0:00:47]} 23. fxg4 {[%emt 0:00:04]} f3 {[%emt 0:00:02]} 24. Rf1 {[%emt 0:00:05]} f2+ {[%emt 0:00:03]} 25. Kh1 {[%emt 0:00:04]} Bg5 {[%emt 0:00:13]} 26. Qa5 {[%emt 0:00:24]} Rf7 {[%emt 0:03:10]} 27. Qxa7 {[%emt 0:00:20]} Qf4 {[%emt 0:00:46]} 28. Qa5 {[%emt 0:03:42]} Bh4 {[%emt 0:00:40]} 29. Qc3 {[%emt 0:11:33]} Bg3 {[%emt 0:00:27]} 30. d4 {[%emt 0:00:17]} Bxh2 {[%emt 0:00:08]} 0-1

[Event "12th Arad Open 2019"]
[Site "Arad"]
[Date "2019.07.28"]
[Round "6.16"]
[White "Weinzettl, Ernst"]
[Black "Martinovici, Ilie"]
[Result "1/2-1/2"]
[WhiteElo "2165"]
[BlackElo "2407"]
[Annotator "NA"]
[PlyCount "48"]
[EventDate "2019.07.24"]
[EventType "swiss"]
[EventCountry "ROU"]
[SourceTitle "playchess.com"]
[Source "ChessBase"]
[SourceQuality "1"]
[TimeControl "40/5400+30:900+30"]

1. e4 {[%emt 0:00:00]} e6 {[%emt 0:00:00]} 2. d4 {[%emt 0:00:00]} d5 {[%emt 0:00:00]} 3. Nd2 {[%emt 0:01:05]} Nf6 {[%emt 0:00:00]} 4. e5 {[%emt 0:00:52]} Nfd7 {[%emt 0:00:04]} 5. c4 {[%emt 0:08:03]} c5 {[%emt 0:06:01]} 6. cxd5 {[%emt 0:00:20]} exd5 {[%emt 0:00:04]} 7. Ngf3 {[%emt 0:00:06]} Nc6 {[%emt 0:00:21]} 8. Bb5 {[%emt 0:03:14]} Qb6 {[%emt 0:04:01]} 9. Qe2 {[%emt 0:00:43]} Be7 {[%emt 0:00:59]} 10. O-O {[%emt 0:05:31]} cxd4 {[%emt 0:01:54]} 11. Nb3 {[%emt 0:02:52]} O-O {[%emt 0:01:06]} 12. Re1 {[%emt 0:13:51]} Nc5 {[%emt 0:09:01]} 13. Nfxd4 {[%emt 0:04:12]} Nxb3 {[%emt 0:21:47]} 14. Nxb3 {[%emt 0:00:13]} Bb4 {[%emt 0:00:29]} 15. Bxc6 {[%emt 0:18:54]} Bxe1 {[%emt 0:07:20]} 16. Bxd5 {[%emt 0:00:10]} Bb4 {[%emt 0:00:11]} 17. Be3 {[%emt 0:02:01]} Qg6 {[%emt 0:01:32]} 18. Qc4 {[%emt 0:08:59]} a5 {[%emt 0:02:45]} 19. Nd4 {[%emt 0:02:40]} Bd7 {[%emt 0:02:38]} 20. Bxb7 {[%emt 0:06:29]} Rab8 {[%emt 0:00:39]} 21. Qc7 {[%emt 0:02:18]} Bh3 {[%emt 0:07:37]} 22. Qc6 {[%emt 0:02:38]} Be6 {[%emt 0:06:51]} 23. Nxe6 {[%emt 0:04:35]} fxe6 {[%emt 0:02:17]} 24. h3 {[%emt 0:03:27]} Qf5 {[%emt 0:01:58]} 1/2-1/2